| 000 | 00611nam a2200241Ia 4500 | ||
|---|---|---|---|
| 003 | OSt | ||
| 005 | 20221007074854.0 | ||
| 006 | a|||||r|||| 00| 0 | ||
| 007 | ta | ||
| 008 | 221006b |||||||| |||| 00| 0 eng d | ||
| 024 | _a24,375 | ||
| 037 | _cTextual | ||
| 040 |
_aFLL _cFLL _beng |
||
| 041 |
_2eng _aeng |
||
| 082 | _aZ2:5, K5 | ||
| 100 |
_aPrem Daulat Ram _9682875 |
||
| 245 | 0 | _aCriminal Practice | |
| 250 | _a6th | ||
| 260 |
_aNew Delhi _bArora Law House India _c1965 |
||
| 300 |
_axvi,17-546p _ccm. |
||
| 942 |
_hZ2:5, K5 _cTEXL _2CC |
||
| 999 |
_c1153979 _d1153979 |
||